000 01076nam a22003137a 4500
003 CHAP
005 20220817044526.0
008 120605s2009 mx a r 00010 spa d
010 _a103282
011 _a104254
035 _a114944
040 _cCHAP
090 _aTesis
100 1 _aRoa Cortes, Kristal
_997839
245 1 0 _aComponentes estructurales de tres especies forrajeras, en distintas praderas pastoreadas con bovinos, en el trópico seco
_c/por Kristal Roa Cortes
260 _aCocula, Gro. :
_bEl autor,
_c2009
300 _a68 h. :
_bil., cuadros, gráf.
502 _aTesis (Ing. Agr. Zootecnista) -- CSAEGRO. Centro de Estudios Profesionales
590 _aALEPH
_b10
_c20130110
_lUCH01
_h1544
590 _aBATCH-UPD
_b10
_c20130110
_lUCH01
_h1815
590 _aCONVERSION
_b10
_c20130109
_lUCH01
_h1357
650 0 4 _aAndropogon gayanus.
_95727
650 0 4 _aForrajes.
650 0 4 _aGanado vacuno.
_945425
650 0 4 _aPraderas.
_991230
901 _aBK
942 _cTESIS
949 _aTesis
_bBC
_cTES
_d33724002333850
_eTS1
_gDonaciØn
_h53414
_i114944
_sb
999 _c103282
_d103282